Culture Générale - Série 2062 - Statistiques

Statistiques générales
  • Ce quiz a été pris 89 fois
  • Le résultat moyen est 4 sur 10
Statistiques - réponses
Question Réponse % Correct
Complétez le dicton :"Noël au balcon, Pâques aux tisons
90%
De quel pays Nouakchott est-elle la capitale ? Mauritanie
66%
Dans les années 1960,dans la série télévisée "Daktari", comment s'appelle le lion qui louche ? Clarence
62%
Quel adjectif signifiant "totalement absurde" rappelle un personnage de fiction d'Alfred Jarry ? ubuesque
61%
Dans quel pays se trouve l'île de Kihnu ? voir drapeau Estonie
30%
A quel pays le mot "hussard" a-t-il été emprunté ? Hongrie
30%
Qui incarnait Napoléon dans le film d'Abel Gance "Austerlitz" de 1960 ? Pierre Mondy
9%
Quel nom - homonyme d'une petite abeille - donne-t-on également à l'araignée de mer ? maïa
5%
Dans la comédie de Mélanie Auffret de 2018 avec Léa Drucker et Lionel Abelanski, quel nom (titre du film) porte la poule de Raymond (Guillaume de Tonquédec) ? Roxane
2%
Vaste forêt française située entre la Champagne au nord, et la Bourgogne au sud Othe
1%
Aucun quiz correspondant
Distribution des résultats
% des personnes avec chaque résultat
Percentile par nombre de réponses
Votre historique - résultats
Vous n’avez pas pris ce quiz